000 00333nam a2200121Ia 4500
005 20260326235452.0
008 260326s9999||||xx |||||||||||||| ||und||
100 _aMendoza Neira, Plinio
245 0 _aColombia, País de Ciudades :
_b Bogotá /
_cPlinio Mendoza Neira
260 _bPio X
650 _aARQUITECTURA REGIONAL
942 _cBK
999 _c7795
_d7795